Donación de locales a la Cruz Roja de San Justo
Publicado:
San Jorge, núm. 82 (2n trimestre 1971), pàg 52 :
MARC
| LEADER | 00000nam a2200000Ia 4500 | ||
|---|---|---|---|
| 001 | |||
| 008 | 160829s9999 xx 000 0 cat d | ||
| 245 | |a Donación de locales a la Cruz Roja de San Justo | ||
| 260 | |a San Jorge, núm. 82 (2n trimestre 1971), pàg 52 | ||
| 610 | 2 | 0 | |a Creu Roja Espanyola |9 55245 |
| 650 | |a Equipaments sanitaris |x Sant Just Desvern |9 46215 | ||
| 901 | |a Arxiu | ||
| 942 | |n 1 | ||
| 952 | |0 0 |1 0 |4 0 |7 1 |9 53085 |a Arxiu |b Arxiu |d 2016-12-01 |l 0 |r 2016-12-01 00:00:00 |w 2016-12-01 |y ARXIU | ||
| 999 | |c 56934 |d 56934 | ||